<?xml version="1.0" encoding="UTF-8"?>
<record
    xmlns:xsi="http://www.w3.org/2001/XMLSchema-instance"
    xsi:schemaLocation="http://www.loc.gov/MARC21/slim http://www.loc.gov/standards/marcxml/schema/MARC21slim.xsd"
    xmlns="http://www.loc.gov/MARC21/slim">

  <leader>01746nam a2200277 i 4500</leader>
  <controlfield tag="001">26416</controlfield>
  <controlfield tag="003">ES-MaACL</controlfield>
  <controlfield tag="005">20250928115754.0</controlfield>
  <controlfield tag="007">t|</controlfield>
  <controlfield tag="008">030109m17691974fr           ||||1| lat d</controlfield>
  <datafield tag="245" ind1="0" ind2="0">
    <subfield code="a">Artis medica principes </subfield>
    <subfield code="b">: Hippocrates, Aretaeus, Alexander, Aurelianus, Celsus, Rhazis|crecensuit, praefatus est Albertus de Haller ... ; tomus I [- XI].</subfield>
  </datafield>
  <datafield tag="260" ind1=" " ind2=" ">
    <subfield code="a">Lausanne : </subfield>
    <subfield code="b">Grasset-Pott, </subfield>
    <subfield code="c">1769-74.</subfield>
  </datafield>
  <datafield tag="300" ind1=" " ind2=" ">
    <subfield code="a">11 v. (XI, [1], [2] en bl., 498 p. ; [6], [2] en bl., 478 p. ; [6], 450 p. ; XII, 418 p. ; LXXXVI, [1] h. en bl., 291, [21] p. ; LXIV, 430, [1] p., [1] en bl. ; [2] h., 419 p., [1] en bl. ; XXIV, 360 p. ; [2] h., 251 p., [1] en bl. ; XLIV, 307 p., [1] en bl. ; VIII, 470 p.) ; </subfield>
    <subfield code="c">20 cm.</subfield>
  </datafield>
  <datafield tag="500" ind1=" " ind2=" ">
    <subfield code="a">Los textos de Hip&#xF3;crates ocupan los v. 1-4; los de Alexandre de Tralles (traducidos por Johann Winter) en los v. 6-7; los textos de Rhazis en v. 7-9; y los de Aurelianus, en v. 9-11.</subfield>
  </datafield>
  <datafield tag="597" ind1=" " ind2=" ">
    <subfield code="a">Sign.: *8-&#xB9;, A-Z8, 2A-2G8, 2I&#xB2;-&#xB9; ; [ ]4, A-Z8, 2A-2G8-&#xB9; ; [ ]4-&#xB9;, A-Z8, Aa-Ee8, Ff&#xB2;-&#xB9; ; *6, A-Z8, 2A-2C8, 2D&#xB2;-&#xB9; ; a-e8, f4, A-T8, V4 ; a-d8, A-Z8, Aa-Dd8 ; [ ]&#xB2;, A-Z8, 2A-2C8, 2D&#xB2; ; a8, b4, A-Y8, Z4 ; [ ]&#xB2;, A-P8, Q6 ; a-b8, c6, A-T8, V&#xB2; ; [ ]4, A-Z8, 2A-2F8, 2G4-&#xB9;.</subfield>
  </datafield>
  <datafield tag="597" ind1=" " ind2=" ">
    <subfield code="a">Anteportadas en cada volumen.</subfield>
  </datafield>
  <datafield tag="650" ind1="0" ind2="4">
    <subfield code="a">Medicina-</subfield>
    <subfield code="v">Obras anteriores a 1800</subfield>
    <subfield code="9">14912</subfield>
  </datafield>
  <datafield tag="650" ind1="0" ind2="7">
    <subfield code="a">Medicina griega y romana</subfield>
    <subfield code="2">embne</subfield>
    <subfield code="9">14924</subfield>
  </datafield>
  <datafield tag="700" ind1="1" ind2=" ">
    <subfield code="a">Haller, Albrecht von, </subfield>
    <subfield code="d">1708-1777</subfield>
    <subfield code="9">61591</subfield>
  </datafield>
  <datafield tag="700" ind1="0" ind2=" ">
    <subfield code="a">Hip&#xF3;crates.</subfield>
    <subfield code="9">63793</subfield>
  </datafield>
  <datafield tag="700" ind1="1" ind2=" ">
    <subfield code="a">Alexandre de Tralles, </subfield>
    <subfield code="d">525-605</subfield>
    <subfield code="9">157824</subfield>
  </datafield>
  <datafield tag="700" ind1="1" ind2=" ">
    <subfield code="a">Razi, Muhammad ibn Zakariya Abu Bakr al-</subfield>
    <subfield code="9">157825</subfield>
  </datafield>
  <datafield tag="700" ind1="0" ind2=" ">
    <subfield code="a">Celso.</subfield>
    <subfield code="9">37383</subfield>
  </datafield>
  <datafield tag="852" ind1=" " ind2=" ">
    <subfield code="a">ES-MaACL</subfield>
    <subfield code="j">R-941-51   </subfield>
    <subfield code="z">.- Ex libris de Mateo Seoane  </subfield>
    <subfield code="x"> Olim: G-9607-17</subfield>
  </datafield>
  <datafield tag="999" ind1=" " ind2=" ">
    <subfield code="c">26416</subfield>
    <subfield code="d">26416</subfield>
  </datafield>
  <datafield tag="952" ind1=" " ind2=" ">
    <subfield code="0">0</subfield>
    <subfield code="1">0</subfield>
    <subfield code="4">0</subfield>
    <subfield code="7">0</subfield>
    <subfield code="8">LIBXVIII</subfield>
    <subfield code="a">ATENEOM</subfield>
    <subfield code="b">ATENEOM</subfield>
    <subfield code="c">DEPO</subfield>
    <subfield code="d">2008-01-17</subfield>
    <subfield code="e">SC</subfield>
    <subfield code="l">0</subfield>
    <subfield code="o">R-941-51</subfield>
    <subfield code="p">1027265</subfield>
    <subfield code="r">2023-02-23 00:00:00</subfield>
    <subfield code="w">2023-02-23</subfield>
    <subfield code="y">MONANT</subfield>
  </datafield>
</record>
